000
00438nam a2200157Ia 4500
008
090124s9999 xx 000 0 und d
082
_b
112087
245
_a
तीर्थांचे सागर
250
_a
0
260
_c
1967
300
_a
468
630
_a
तीर्थांचे सागर
700
_a
बाबर सरोजीनी
730
_a
तीर्थांचे सागर
942
_c
BOOK
999
_c
158178
_d
158178